| 000 | 00530nam a2200205Ia 4500 | ||
|---|---|---|---|
| 008 | 170918s9999 xx 000 0 und d | ||
| 020 | _a316159360 | ||
| 050 | _bR659tr 2004 | ||
| 100 | _aRobinson, Elisabeth | ||
| 245 | 4 | _aThe true and outstanding adventures of the Hunt sisters : | |
| 245 | _ba novel / | ||
| 245 | _cby Elisabeth Robinon. | ||
| 250 | _aFirst edition | ||
| 260 | _aNew York : | ||
| 260 | _bBack Bay Books, | ||
| 260 | _c2004 | ||
| 300 | _a326 pages : | ||
| 300 | _billustrations ; | ||
| 300 | _c21cm. | ||
| 999 |
_c344016 _d344016 |
||